<?xml version="1.0" encoding="UTF-8"?><?xml-stylesheet type="text/xsl" href="static/style.xsl"?><OAI-PMH xmlns="http://www.openarchives.org/OAI/2.0/" xmlns:xsi="http://www.w3.org/2001/XMLSchema-instance" xsi:schemaLocation="http://www.openarchives.org/OAI/2.0/ http://www.openarchives.org/OAI/2.0/OAI-PMH.xsd"><responseDate>2026-06-29T02:38:33Z</responseDate><request verb="GetRecord" identifier="oai:docta.ucm.es:20.500.14352/63039" metadataPrefix="marc">https://docta.ucm.es/rest/oai/request</request><GetRecord><record><header><identifier>oai:docta.ucm.es:20.500.14352/63039</identifier><datestamp>2023-09-15T16:17:21Z</datestamp><setSpec>com_20.500.14352_14</setSpec><setSpec>col_20.500.14352_22</setSpec></header><metadata><record xmlns="http://www.loc.gov/MARC21/slim" xmlns:dcterms="http://purl.org/dc/terms/" xmlns:xsi="http://www.w3.org/2001/XMLSchema-instance" xmlns:doc="http://www.lyncode.com/xoai" xsi:schemaLocation="http://www.loc.gov/MARC21/slim http://www.loc.gov/standards/marcxml/schema/MARC21slim.xsd">
   <leader>00925njm 22002777a 4500</leader>
   <datafield ind2=" " ind1=" " tag="042">
      <subfield code="a">dc</subfield>
   </datafield>
   <datafield ind2=" " ind1=" " tag="720">
      <subfield code="a">Izquierdo Pascual, Alicia</subfield>
      <subfield code="e">author</subfield>
   </datafield>
   <datafield ind2=" " ind1=" " tag="260">
      <subfield code="c">2002</subfield>
   </datafield>
   <datafield ind2=" " ind1=" " tag="520">
      <subfield code="a">El caballo es un animal muy fotorreceptivo, ligeras variaciones en el numero de horas de luz, se traducen en variaciones en la secreción de determinadas hormonas reguladoras y relacionadas con la función reproductora. El objetivo de nuestro estudio fue determinar la ritmicidad de la hormona testosterona, estradiol y cortisol, a lo largo del año, semana y día en el semental de pura raza española. Las muestras fueron determinadas por la técnica enzimoinmunoanalitica eia de competición. Los resultados obtenidos mostraron que la secreción de testosterona y cortisol es rítmica a lo largo del año, semana y día en los sementales de pura raza española, mientras que la de la hormona estradiol solo muestra un patron circanual y circaseptano, hechos que debemos tener en consideración, a la hora de planificar la reproducción en esta raza de caballos</subfield>
   </datafield>
   <datafield ind1="8" ind2=" " tag="024">
      <subfield code="a">978-84-8466-441-3</subfield>
   </datafield>
   <datafield ind1="8" ind2=" " tag="024">
      <subfield code="a">b21003415</subfield>
   </datafield>
   <datafield ind1="8" ind2=" " tag="024">
      <subfield code="a">https://hdl.handle.net/20.500.14352/63039</subfield>
   </datafield>
   <datafield ind2="0" ind1="0" tag="245">
      <subfield code="a">Esteroides plasmáticos y sus posibles ritmos biológicos en le semental Pura Raza Española</subfield>
   </datafield>
</record></metadata></record></GetRecord></OAI-PMH>